Văn hóa đô thị Kỷ yếu hội thảo

Đơn vị tổ chức hội thảo: Sở Văn hóa Thông tin Thành phố Hồ Chí Minh. Trung tâm Nghiên cứu đô thị và Phát triển

Na minha lista:
Detalhes bibliográficos
Formato: Livro
Idioma:Undetermined
Publicado em: Tp. Hồ Chí Minh 2002
Assuntos:
Acesso em linha:http://lrc.tdmu.edu.vn/opac/search/detail.asp?aID=2&ID=15544
Tags: Adicionar Tag
Sem tags, seja o primeiro a adicionar uma tag!
Thư viện lưu trữ: Trung tâm Học liệu Trường Đại học Thủ Dầu Một
LEADER 00729nam a2200169Ia 4500
001 TDMU_15544
008 210410s9999 xx 000 0 und d
082 |a 306.4 
245 0 |a Văn hóa đô thị 
245 0 |b Kỷ yếu hội thảo 
260 |a Tp. Hồ Chí Minh 
260 |c 2002 
300 |a 116 tr 
520 |a Đơn vị tổ chức hội thảo: Sở Văn hóa Thông tin Thành phố Hồ Chí Minh. Trung tâm Nghiên cứu đô thị và Phát triển 
650 |a Kỷ yếu hội thảo; Đô thị; Văn hóa đô thị 
856 |u http://lrc.tdmu.edu.vn/opac/search/detail.asp?aID=2&ID=15544 
980 |a Trung tâm Học liệu Trường Đại học Thủ Dầu Một